000 00516nam a2200181 i 4500
001 41873
003 ES-MaACL
005 20230906160516.0
007 t|
008 030312s1962 sp ||||1| spa d
100 1 _aCasas, Augusto.
_936186
245 1 0 _aAlén /
_cAugusto Casas ; prólogo de Ramón Otero Pedrayo.
260 _aVigo :
_b[s.n.,
_c1962]
300 _a83 p. ;
_c18 cm.
700 1 _aOtero Pedrayo, Ramón,
_d1888-1976
_987917
852 _aES-MaACL
_jC-21458
_bR.49802
999 _c41873
_d41873